000 00333nam a2200145Ia 4500
008 230917s9999||||xx |||||||||||||| ||und||
040 _e40231
_aMAIN
041 _aEnglish
082 _a809.3 F635N
100 _aFletcher, John
245 0 _aNovel and reader
260 _aLondon
_bMarien
_c1980
300 _a192 p.
942 _cBK
999 _c228325
_d228325